| 000 | 00892nam a2200265 a 4500 | ||
|---|---|---|---|
| 001 | 000048982 | ||
| 003 | DO-SdBNP | ||
| 005 | 20260427111451.0 | ||
| 008 | 190528s2012 dr a r 000 p spa d | ||
| 020 | _a9789945488081 | ||
| 040 |
_aDO-SdBNP _bspa _cBNPHU |
||
| 082 |
_aRD861.44 _bA634s |
||
| 245 | 0 | 0 |
_aAntología de sonetos dominicanos Siglo XXI : _btaller de sonetos / _ccompilador Ramón Saba. |
| 260 |
_aSanto Domingo : _bÁngeles de Fierro, _c2012. |
||
| 300 |
_a86 p. : _bil. ; _c21 cm. |
||
| 490 | 1 | _aTinta de taller | |
| 590 | _aInventariado, 2019/MFF | ||
| 650 | 4 |
_aPoesía dominicana _ySiglo XX _vColecciones _976410 |
|
| 650 | 4 |
_aSonetos dominicanos _vColecciones _ySiglo XX _976411 |
|
| 650 | 4 |
_aLiteratura dominicana _vSiglo XX _989406 |
|
| 700 | 1 |
_aSaba, Ramón, _ecomp. _971165 |
|
| 830 | 0 |
_aTinta de Taller _943512 |
|
| 910 | _aControl de calidad MFF | ||
| 942 |
_2ddc _cLBS1 |
||
| 999 |
_c48470 _d48470 |
||